00897nam a2200241 a 450000100100000000500170001000800410002702000150006804000250008308200210010810000470012924500980017625000110027426000380028530000210032349000330034450000580037750400270043583000420046204900090050495201250051399900170063800002638420200930024541.0110316s1981 sp r 000 0 spa d a8433450360 aDO-SdBNPbspacBNPHU axxxbG643a, 19811 aGonzález Muñiz, Miguel Ángel,95341210aAproximación a la historia social del trabajo en Europa /cMiguel Angel González Muñiz. a2a ed. aMadrid :bEdiciones Jucar,c1981. a359 p. ;c20 cm.1 aLa vela latina. Historiav36 aTítulo de la cubierta: Historia social del Trabajo. aIncluye bibliografía 0aLa vela latina ;phistoriav36953413 aBNGR 001054708MOaGRbGRcCTd2011-03-16iLF1l0oxxx G643a, 1981p26384-10r2020-06-25w2020-06-25y4ZPréstamo en sala c25876d25876